[Event "GUY-ch"]
[Site "Providence"]
[Date "2022.05.26"]
[Round "5"]
[White "Farley, Frankie"]
[Black "Sharma, Rai Jagat"]
[Result "1-0"]
[WhiteElo "1483"]
[BlackElo "1382"]
[PlyCount "75"]
[EventDate "2022.05.21"]
[EventType "tourn"]
[EventRounds "9"]
[EventCountry "GUY"]
[SourceTitle "EXT 2023"]
[Source "ChessBase"]
[SourceDate "2022.10.05"]
[SourceVersion "1"]
[SourceVersionDate "2022.10.05"]
[SourceQuality "1"]

1. d4 Nf6 2. e3 c6 3. Bd3 d5 4. Nd2 Nbd7 5. f4 e6 6. Ngf3 Bb4 7. c3 Ba5 8. 0-0 Nf8 9. Ne5 Bc7 10. Rf3 Ng6 11. Qc2 0-0 12. Rh3 Bxe5 13. fxe5 Ng4 14. Rg3 Qh4 15. Nf3 Qh5 16. Rh3 Nxe3 17. Bxe3 Qg4 18. Ng5 h6 19. Rg3 Qh5 20. Be2 Qh4 21. Rh3 hxg5 22. Rxh4 Nxh4 23. Bxg5 Nf5 24. g4 Nh6 25. Bxh6 gxh6 26. Rf1 Kg7 27. Rf6 Bd7 28. Bd3 Rh8 29. Qf2 Raf8 30. Qh4 Be8 31. Rf3 Rfg8 32. Qf6+ Kf8 33. Qxe6 Rg7 34. Qd6+ Kg8 35. Bf5 h5 36. Qe7 Rxg4+ 37. Bxg4 hxg4 38. Qxe8+ 1-0